| 000 | 00448nam a2200181Ia 4500 | ||
|---|---|---|---|
| 008 | 170705s9999 xx 000 0 und d | ||
| 020 | _a9780531223505 | ||
| 245 | _aDaniel Hale Williams : | ||
| 245 | _bsurgeon who opened hearts and minds / | ||
| 245 | _cby Mike Venezia. | ||
| 260 | _aNew York : | ||
| 260 | _bScholastic, | ||
| 260 | _c2010 | ||
| 300 | _a32 pages : | ||
| 300 | _bcolor illustration ; | ||
| 300 | _c24cm. | ||
| 500 | _a980 | ||
| 999 |
_c337072 _d337072 |
||